Biggest cities going from Poles to Equator and viceversa - Statistics

General Stats
  • This quiz has been taken 74 times
  • The average score is 13 of 34
Answer Stats
Rank - Lat - Pop CITY % Correct
10. Lat. 35.6 Pop. 31 480k Tokyo
84%
10. Lat. 35.6 Pop. 31 480k Tokyo
84%
9. Lat. 55.7 Pop. 10 381k Moscow
81%
7. Lat. -34.6 Pop. 13 076k Buenos Aires
75%
7. Lat. -34.6 Pop. 13 076k Buenos Aires
75%
6. Lat. 60.1 Pop. 558k Helsinki
72%
7. Lat. 59.9 Pop. 808k Oslo
67%
6. Lat. -23.5 Pop. 10 021k São Paulo
67%
5. Lat. -6.2 Pop. 8 540k Jakarta
61%
8. Lat. 59.8 Pop. 4 039k Saint Petersburg
61%
4. Lat. -4.3 Pop. 7 787k Kinshasa
54%
6. Lat. -37.9 Pop. 3 730k Melbourne
53%
9. Lat. 31 Pop. 14 608k Shanghai
49%
7. Lat. 14.6 Pop. 10 443k Manila
46%
5. Lat. 4.6 Pop. 7 102k Bogotá
42%
6. Lat. 6.4 Pop. 8 789k Lagos
42%
2. Lat. -0.3 Pop. 1 399k Quito
39%
3. Lat. -1.3 Pop. 2 750k Nairobi
37%
4. Lat. 1.2 Pop. 3 547k Singapore
37%
4. Lat. 68.9 Pop. 319k Murmansk
35%
3. Lat. 0.3 Pop. 1 353k Kampala
30%
1. Lat. 69.6 Pop. 52k Tromsø
30%
4. Lat. -43.6 Pop. 363k Christchurch
21%
5. Lat. 64.5 Pop. 344k Arkhangelsk
19%
1. Lat. -54.8 Pop. 58k Ushuaia
14%
2. Lat. -53.2 Pop. 117k Punta Arenas
12%
3. Lat. 69.3 Pop. 127k Norilsk
7%
8. Lat. 18.9 Pop. 12 692k Bombay
4%
5. Lat. -38.1 Pop. 645k Mar del Plata
4%
3. Lat. -45.9 Pop. 142k Comodoro Rivadavia
2%
2. Lat. 0.03 Pop. 338k Macapá
2%
1. Lat. 0.01 Pop. 36k Nanyuki
2%
2. Lat. 69.4 Pop. 59k Talnakh
2%
1. Lat. -0.1 Pop. 455k Pontianak
0%
No matching quizzes found
Score Distribution
Percent of People with Each Score
Percentile by Number Answered
Your Score History
You have not taken this quiz